000 01156cam a22002294a 4500
005 20250605164212.0
008 250528s ||||||||||||||||||||||||d
035 _a20302
020 _a1578564980
040 _aGR-AtMCL
_bgre
_dGR-AtMCL
_eAACR2
245 1 _aThe ADHD Autism Connection / A Step Toward More Accurate Diagnosis and Effective Treatment
260 _bWaterbrook Press,
_c2003
300 _a206
520 _aThis book is needed to frustrated ADHD patients and their families as well as those with Autism, Asperger's Syndrome, PDD - NOS, and other related conditions. Foreword, A Mother's Vision, Beginning with the Definitions, Which is it: Autism or ADHD, The Problem with Current Diagnostic Practices, The Changing Faces of Autism, Careers and Relationships, Treatments for ADHD and Autism, Triumphs, Conclusion: New Beginnings, Afterword, Acknowledgements, Appendices, ADHD and Autism Resources, For Further Reading, Notes, Index.
700 1 _aBank Rebecca S.
_96307
700 1 _aDaisy Carl
_96308
700 1 _aElliott Paul T
_96309
700 1 _aKennedy Diane M
_96310
942 _cBK
999 _c5425
_d5425